01821nam a2200301Ia 450000100060000000300100000600500170001600700030003300800410003602000180007704000350009504100080013008200150013810000180015324501080017125000220027926400330030130000530033433600270038733700330041433800280044750000220047550509070049765000260140465000180143065000350144870000360148357231CO-BoRNBP20250605154522.0ta180109s9999 xx 000 0 und d a9788434226524 aCO-BoRNBPbspaerdacCO-BoRNBP aspa0 a910.3 C24d1 aCela, Daniel,10aDime cosas de tu país :b30 e-mails para la diversidad /cDaniel Cela ; ilustraciones de Jordi Costa. aSegunda edición 1aBarcelona :bParramón;2007 a144 páginas :bilustraciones en color ;c28 cm atextobtxt2rdacontent asin mediaciónbn2rdamedia avolumenbnc2rdacarrier aIncluye glosario.0 aAustralia albin@australia.com.au Italia raffaella@italia.it Canada marie@canada.ca Brasil sebastiao@brasil.br Rusia nikolai @rusia.ru Marruecos ahmed@marruecos.ma Japón gombei@japon.jp Perú Pablo @peru.pe Estados Unidos joe@usa.com Alemania guntherfriederich@alemania.de República Sudafricana jeremiah@republicasudafrica.co.za India suoranie@india.in Argentina beatriz@argentina.ar Grecia filipostradiatis@grecia.gr Kenya wainaina@kenya.ke España carlota@españa.es Colombia julieta@colombia.com.co Islandia sarahragnar@islandia.is China lishumei@china.com.cn Portugal amalia@portugal.pt Egipto samy@egipto.eg Holanda willem@holanda.nl Mexico elias@mexico.mx Reino Unido maryann@reinounido.uk Iran shirin@iran.ir Turquia orhan@turquia.tr Francia alinedevoix@francia.fr Guatemala lissette@guatemala.gt Polonia sabina@polonia.pl Nueva zelanda oliver@nuevazelanda.nz.04aCultura General2LEMB04aCultura2LEMB04aCivilizacion - Historia.2LEMB1 aCosta, Jordi, 1966-, ilustrador